000
00278 a2200121 4500
001
146985
040
_c
Escola São Tomás de Aquino
100
_a
KING, Stephen Michael
240
1
0
_a
Pedro e Tina
_l
por
245
1
0
_a
Pedro e Tina
697
_a
*LITERATURA INFANTIL
942
_c
BK
999
_c
146985
_d
146985